Türk dış politikası çalışmaları (Record no. 285)

MARC details
000 -BAŞLIK
Sabit Uzunlukta Kontrol Alanı 01193na a2200325 4500
001 - KONTROL NUMARASI
Denetim Alanı 14533
003 - KONTROL NUMARASI IDENTIFIER
Denetim Alanı MIRAKIL
005 - SON İŞLEM TARİHİ VE ZAMANI
Denetim Alanı 20181213154741.0
008 - SABİT-BOY VERİ ELEMANLARI - GENEL BİLGİLER
Sabit Uzunlukta Kontrol Alanı 161129b tu 000 0
020 ## - ULUSLARARASI STANDART KİTAP NUMARASI
Uluslararası Standart Kitap Numarası 9786053992356
035 ## - SİSTEM KONTROL NUMARASI
Sistem Kontrol Numarası 14533
040 ## - KATALOGLAMA KAYNAK
Orijinal Kataloglama Ajansı Milas
Kataloglama Dili tur
Metne Dönüştürmek Ajansı TR-AnCHP
041 ## - DİL KODU
Metin / Ses Parça Veya Ayrı Başlığın Dil Kodu tur
082 ## - DEWEY ONLU SINIFLANDIRMA NUMARASI
Sınıflandırma Numarası 327.1
Ürün Numarası T96 2012
090 ## - SINIFLAMA NUMARASI
Sınıflama Numarası 327.1 T96 2012
245 ## - BAŞLIK TABLOSU
Başlık Türk dış politikası çalışmaları
Başlığın Kalan Cumhuriyet dönemi için ulusal rehber
-- arşivler, resmi ve yarı resmi yayınları, özel yıllıklar, haber dergileri, anılar ve yaşamöyküleri
Sorumluluk Tablosu, Vb derleyen Engin Berber
246 ## - UNVAN FORM VARYING
Başlık Doğru / Kısa Başlığı Cumhuriyet dönemi için ulusal rehber
250 ## - EDITION TABLOSU
Baskı Beyanı gnşl. 2 bs.
260 ## - YAYIN, DAĞITIM, VB
Yayın, Dağıtım, Vb Yeri İstanbul
Yayıncı, Dağıtıcı, Vs Adı İstanbul Bilgi Üniversitesi Yayınları
Yayın, Dağıtım, Vb Tarihi 2012
300 ## - FİZİKSEL TANIM
Kapsam 186 s.
Diğer Fiziksel Ayrıntıları fotg.
Boyutlar 23 sm.
490 ## - SERİSİ TABLOSU
Seri Beyanı İstanbul Bilgi Üniversitesi yayınları
Hacim / Ardışık Tanımı 170
490 ## - SERİSİ TABLOSU
Seri Beyanı Dün-bugün
Hacim / Ardışık Tanımı 16
504 ## - KAYNAKÇA VB NOT
Kaynakça Vb Notu Kaynakça ve dizin var.
610 ## - KONU KATMA GİRİŞ - TOPLANTI ADI
Giriş Elemanı Olarak Kurumsal Ad Veya Yargı Alanı Adı Başbakanlık Osmanlı Arşivi
Genel Alt Bölüm Kataloglar
650 ## - KONU KATMA GİRİŞ - TOPİKAL DÖNEM
Topikal Süreli Veya Coğrafi Ad Giriş Elemanı Dış politika
Genel Alt Bölümü Bibliyografyalar
Coğrafi Alt Bölümü Türkiye
650 ## - KONU KATMA GİRİŞ - TOPİKAL DÖNEM
Topikal Süreli Veya Coğrafi Ad Giriş Elemanı Siyaset ve yönetim
Genel Alt Bölümü Kaynaklar
Coğrafi Alt Bölümü Türkiye
651 ## - KONU KATMA GİRİŞ - COĞRAFİ ADI
Coğrafi İsim Türkiye
Genel Alt Bölümü Dış politika
Kronolojik Alt Bölümü Kaynaklar
-- Tarih
700 ## - KATMA GİRİŞ - KİŞİSEL İSİM
Kişisel Ad Berber, Engin
942 ## - EKLENDİ GİRİŞ ELEMANLARI (KOHA)
Sınıflandırma Veya Raf Düzeni Kaynak Dewey Decimal Classification
Koha Öğesi Türü Books
999 ## - SİSTEM KONTROL NUMARALARI (KOHA)
Koha Biblionumber 285
Koha Biblioitemnumber 285
Holdings
Kalıcı Konum Mevcut Konum Edinme Tarihi Edinim Kaynak Toplam Check-Out'Lar Tam Çağrı Numarası Barkod Tarih Son Görülme İtibaren Geçerli Fiyatlar Koha Öğesi Türü
CHP Kütüphanesi CHP Kütüphanesi 08/29/2016 Bağış   327.1 T96 2012 002701 08/29/2016 08/29/2016 Books